000
00265nam a22001097a 4500
082
_a
355/SAR
100
_a
Sarkar, Sir Jadunath
_9
83980
245
_a
Military History Of India
260
_a
New Delhi
_b
Asha Prakashan
_c
2021
650
_a
Military Science
942
_c
BK
999
_c
68998
_d
68998